Statistics for What Taylor Swift Era Are These Photos From?

Click here to take the quiz!

General Stats

  • This quiz has been taken 105 times
  • The average score is 6 of 10

Answer Stats

Answer% Correct
Fearless
85%
Red
77%
reputation
75%
evermore
72%
Taylor Swift
68%
Midnights
62%
Speak Now
62%
1989
46%
Lover
35%
folklore
34%

Score Distribution

Percentile by Number Answered

Percent of People with Each Score

Your Score History

You have not taken this quiz